Band Members by Instrument - Miscellaneous Rock # 3 Edition - Statistics

General Stats
  • This quiz has been taken 79 times
  • The average score is 7 of 54
Answer Stats
Band Instrument or Role Answer % Correct
Fleetwood Mac (1967-1970) Drums Mick Fleetwood
94%
Fleetwood Mac (1967-1970) Bass John McVie
83%
Fleetwood Mac (1967-1970) Lead Guitar, Vocals Peter Green
48%
Humble Pie (1969-1975) Lead Guitar Peter Frampton / Clem Clempson
31%
Montrose (1973-1974) Vocals Sammy Hagar
24%
Love (1965-1968) Vocals Arthur Lee
22%
Television (1975-2007) Vocals, Guitar Tom Verlaine
22%
Humble Pie (1969-1975) Vocals, Rhythm Guitar Steve Marriott
20%
The Amboy Dukes (1967-1970) Lead Guitar Ted Nugent
20%
Television (1975-2007) Bass Fred Smith
19%
Montrose (1973-1974) Guitar Ronnie Montrose
19%
Canned Heat (1967-1970) Vocals, Rhythm Guitar, Harmonica Alan "Blind Owl" Wilson
15%
New York Dolls (1972-1975) Vocals David Johansen
15%
Uriah Heep (1972-1975) Lead Guitar Mick Box
15%
Spirit (1967-1971) Guitar Randy California
15%
Canned Heat (1967-1970) Vocals Bob "The Bear" Hite
13%
Fleetwood Mac (1967-1970) Slide Guitar, Vocals Jeremy Spencer
13%
Television (1975-2007) Guitar Richard Lloyd
13%
Nazareth (1968-1978) Vocals Dan McCafferty
11%
Uriah Heep (1972-1975) Vocals David Byron
11%
New York Dolls (1972-1975) Lead Guitar Johnny Thunders
11%
Television (1975-2007) Drums Billy Ficca
9%
Canned Heat (1967-1970) Bass Larry "The Mole" Taylor
9%
New York Dolls (1972-1975) Rhythm Guitar Sylvain Sylvain
9%
Montrose (1973-1974) Bass Bill Church / Alan Fitzgerald
6%
Humble Pie (1969-1975) Bass Greg Ridley
6%
New York Dolls (1972-1975) Drums Jerry Nolan
6%
Humble Pie (1969-1975) Drums Jerry Shirley
6%
Uriah Heep (1972-1975) Vocals, Keyboards, Rhythm Guitar Ken Hensley
6%
Uriah Heep (1972-1975) Drums Lee Kerslake
6%
Canned Heat (1967-1970) Drums Adolfo "Fito" de la Parra
4%
Love (1965-1968) Keyboards, Drums Alban "Snoopy" Pfisterer
4%
New York Dolls (1972-1975) Bass Arthur Kane
4%
The Amboy Dukes (1967-1970) Bass Bill White / Greg Arama
4%
Love (1965-1968) Rhythm Guitar Bryan MacLean
4%
Fleetwood Mac (1967-1970) Rhythm Guitar, Vocals (1968-1970) Danny Kirwan
4%
Montrose (1973-1974) Drums Denny Carmassi
4%
Spirit (1967-1971) Drums Ed Cassidy
4%
Canned Heat (1967-1970) Lead Guitar Henry "The Sunflower" Vestine / Harvey "The Snake" Mandel
4%
Love (1965-1968) Lead Guitar Johnny Echols
4%
Love (1965-1968) Bass Ken Forssi
4%
Nazareth (1968-1978) Guitar Manny Charlton
4%
Love (1965-1968) Drums Michael Stuart-Ware
4%
The Amboy Dukes (1967-1970) Rhythm Guitar Steve Farmer
4%
Love (1965-1968) Woodwinds Tjay Cantrelli
4%
Nazareth (1968-1978) Drums Darrell Sweet
2%
The Amboy Dukes (1967-1970) Drums Dave Palmer
2%
Spirit (1967-1971) Vocals Jay Ferguson
2%
The Amboy Dukes (1967-1970) Vocals John Drake / Rusty Day
2%
Spirit (1967-1971) Bass Mark Andes
2%
Nazareth (1968-1978) Bass Pete Agnew
2%
The Amboy Dukes (1967-1970) Keyboards Rick Lober / Andy Solomon
2%
Uriah Heep (1972-1975) Bass Gary Thain
0%
Spirit (1967-1971) Keyboards John Locke
0%
No matching quizzes found
Score Distribution
Percent of People with Each Score
Percentile by Number Answered
Your Score History
You have not taken this quiz